Leader NBA 2026 - Statistiques

Statistiques générales
  • Ce quiz a été pris 65 fois
  • Le résultat moyen est 32 sur 50
Statistiques - réponses
Club P/G Réponse % Correct
Lakers 32,51 Doncic
100%
Lakers 8,45 Doncic
100%
Warriors 27,21 Curry
96%
Nuggets 28,64 Jokic
96%
Nuggets 12,52 Jokic
96%
Nuggets 10,40 Jokic
96%
Bucks 27,38 Antetokounmpo
94%
Celtics 28,33 Brown
94%
Timberwolves 29.33 Edwards
94%
Spurs 11,45 Wembanyama
94%
Spurs 3.00 Wembanyama
94%
Timberwolves 11,45 Gobert
91%
Thunder 31,7 Gilgeous Alexander
89%
76ers 28,97 Maxey
87%
76ers 2.03 Maxey
87%
Clippers 27,92 Leonard
85%
Clippers 2.00 Leonard
85%
Cavaliers 28,31 Mitchell
85%
Pistons 9,93 Cunningham
83%
Kings 11,37 Sabonis
81%
Cavaliers 8,07 Harden
79%
Wizards 8,58 Young
79%
Thunder 1.93 Holmgren
72%
Wizards 1.98 Sarr
72%
Grizzlies 8,05 Morant
68%
Bulls 8,67 Giddey
66%
Cavaliers 1.88 Mobley
64%
Knicks 11,92 Anthony towns
62%
Hawks 7,95 Johnson
62%
Jazz 10,80 Kessler
60%
Jazz 1.80 Kessler
60%
Wizards 11,05 Davis
51%
Wizards 1.65 Davis
51%
Hawks 1.90 Daniels
49%
Grizzlies 11,09 Edey
49%
Grizzlies 1.91 Edey
49%
Pistons 1.91 Thompson
49%
Blazers 11,51 Clingan
47%
Pacers 7,36 Nembhard
45%
Thunder 2.05 Wallace
43%
Pacers 1.92 Huff
38%
Pacers 11 Zubac
38%
Magics 1.93 Suggs
36%
Pistons 1.64 Stewart
32%
Bucks 7,37 Porter
30%
Bucks 2.23 Porter
30%
Grizzlies 1.90 Pippen Jr
4%
Kings 1.62 Cardwell
2%
Blazers 1.86 Thybulle
2%
Wizards 2.67 Richmond
0%
Aucun quiz correspondant
Distribution des résultats
% des personnes avec chaque résultat
Percentile par nombre de réponses
Votre historique - résultats
Vous n’avez pas pris ce quiz